Well logs : a basic drilling tool /

Bibliographic Details
Main Author: Matthews, W. R. (Walter Robert), 1881-1973
Format: Book
Language:English
Published: Tulsa, Okla. : Petroleum Publishing Company, [1972]
Subjects:

MARC

Tag First Indicator Second Indicator Subfields
LEADER 00000cam a2200000 a 4500
001 in00000103489
005 20150929180438.0
008 760917r1972 okua b 00010 eng d
035 |a (OCoLC)02437169 
035 |9 AAN2712AM 
040 |a XBM  |c XBM  |d m.c.  |d UtOrBLW 
049 |a TXAM  |c [1655989] 
090 |a TN871.35  |b .M3 1972 
100 1 |a Matthews, W. R.  |q (Walter Robert),  |d 1881-1973. 
245 1 0 |a Well logs :  |b a basic drilling tool /  |c by W.R. Matthews. 
264 1 |a Tulsa, Okla. :  |b Petroleum Publishing Company,  |c [1972] 
264 4 |c ©1972 
300 |a 48 pages :  |b illustrations ;  |c 29 cm. 
336 |a text  |b txt  |2 rdacontent 
337 |a unmediated  |b n  |2 rdamedia 
338 |a volume  |b nc  |2 rdacarrier 
500 |a Reprinted from the Oil & Gas Journal. 
500 |a Cover title. 
504 |a Includes bibliographies. 
650 0 |a Oil well logging. 
730 0 |a Oil & gas journal. 
999 |a MARS 
999 f f |s 43546efe-15bd-3c6e-b553-93a7bd9beb09  |i 07b32f7b-7077-3e08-9426-c168ef679877  |t 0 
952 f f |p ric  |a Texas A&M University  |b Rellis Campus  |c Joint Library Facility  |d Remote Storage  |t 0  |e TN871.35 .M3 1972  |h Library of Congress classification  |i unmediated -- volume  |m A14806294769 
998 f f |a TN871.35 .M3 1972  |t 0  |l Remote Storage